[Event "Imperia op-A 43rd"]
[Site "Imperia"]
[Date "2001.09.03"]
[Round "2"]
[White "Abolianin, Arthur"]
[Black "De Palma, Diego"]
[Result "1-0"]
[WhiteElo "2385"]
[BlackElo "2150"]
[PlyCount "105"]
[EventDate "2001.09.02"]
[EventType "swiss"]
[EventRounds "9"]
[EventCountry "ITA"]
[SourceTitle "EXT 2024"]
[Source "ChessBase"]
[SourceDate "2023.10.10"]
[SourceVersion "1"]
[SourceVersionDate "2023.10.10"]
[SourceQuality "1"]

1. e4 c5 2. d3 Nc6 3. g3 g6 4. Bg2 Bg7 5. Ne2 d6 6. h3 e6 7. 0-0 Nge7 8. f4 0-0 9. c3 Rb8 10. Be3 f5 11. Nd2 b6 12. Qc2 Kh8 13. Rad1 Ba6 14. Rfe1 Qd7 15. Nf3 Rbc8 16. d4 fxe4 17. Qxe4 d5 18. Qc2 Nf5 19. Bf2 Bxe2 20. Qxe2 cxd4 21. cxd4 Rfe8 22. g4 Nd6 23. Ne5 Nxe5 24. dxe5 Nc4 25. f5 gxf5 26. gxf5 Nxe5 27. f6 Bxf6 28. Bd4 Qg7 29. Bxe5 Bxe5 30. Qxe5 Qxe5 31. Rxe5 Rc2 32. Rde1 Rxb2 33. R5e2 Rxe2 34. Rxe2 Kg7 35. Bxd5 Kf6 36. Bc4 Re7 37. Kf2 e5 38. Ke3 Rc7 39. Rf2+ Kg6 40. Be6 b5 41. Ke4 a5 42. Kxe5 Rc5+ 43. Bd5 Rc3 44. Rg2+ Kh6 45. Rg8 b4 46. Ra8 Ra3 47. Ra7 Kg5 48. Rxh7 Re3+ 49. Kd6 a4 50. h4+ Kg6 51. Rb7 b3 52. Bxb3 axb3 53. axb3 1-0

[Event "Imperia op-A 41st"]
[Site "Imperia"]
[Date "1999.09.03"]
[Round "7.17"]
[White "Rosin, Federico"]
[Black "De Palma, Diego"]
[Result "0-1"]
[WhiteElo "2233"]
[BlackElo "2125"]
[PlyCount "108"]
[EventDate "1999.08.29"]
[EventType "swiss"]
[EventRounds "9"]
[EventCountry "ITA"]
[SourceTitle "EXT 2024"]
[Source "ChessBase"]
[SourceDate "2023.10.10"]
[SourceVersion "1"]
[SourceVersionDate "2023.10.10"]
[SourceQuality "1"]

1. e4 c5 2. Nf3 d6 3. Bb5+ Bd7 4. a4 Nc6 5. 0-0 Nf6 6. Nc3 e6 7. d4 cxd4 8. Nxd4 Be7 9. Be3 0-0 10. Qe2 a6 11. Nxc6 Bxc6 12. Bxc6 bxc6 13. a5 c5 14. Rfd1 Qc7 15. f3 Nd7 16. Bf4 Rfd8 17. b3 c4 18. b4 Rab8 19. Na2 Ne5 20. Be3 Qc6 21. Bb6 Rdc8 22. Rab1 Bf6 23. Bd4 Nd7 24. Qe3 e5 25. Ba7 Ra8 26. Nc3 Rc7 27. b5 axb5 28. Nxb5 Rb7 29. Rxd6 Qxd6 30. Nxd6 Rxb1+ 31. Kf2 Be7 32. Nf5 Bf8 33. Kg3 Rb7 34. Bb6 Nxb6 35. axb6 Rab8 36. Qc3 Rxb6 37. Qxc4 Rb5 38. Ne3 Rc5 39. Qd3 Rbc8 40. c4 h6 41. Kh3 R8c6 42. g3 g6 43. f4 exf4 44. gxf4 Ra6 45. Qd2 Ra3 46. Kg4 Be7 47. e5 Rca5 48. e6 h5+ 49. Kf3 Rxe3+ 50. Qxe3 Ra3 51. exf7+ Kxf7 52. Qxa3 Bxa3 53. Ke4 Kf6 54. h3 Ke6 0-1

[Event "Imperia op-A 41st"]
[Site "Imperia"]
[Date "1999.09.02"]
[Round "6.13"]
[White "De Palma, Diego"]
[Black "Biti, Ozren"]
[Result "1/2-1/2"]
[WhiteElo "2125"]
[BlackElo "2261"]
[PlyCount "124"]
[EventDate "1999.08.29"]
[EventType "swiss"]
[EventRounds "9"]
[EventCountry "ITA"]
[SourceTitle "EXT 2024"]
[Source "ChessBase"]
[SourceDate "2023.10.10"]
[SourceVersion "1"]
[SourceVersionDate "2023.10.10"]
[SourceQuality "1"]

1. d4 d6 2. Nf3 Bg4 3. c4 Bxf3 4. gxf3 Nd7 5. f4 c6 6. Nc3 g6 7. e4 Bg7 8. Be3 e6 9. Qd2 Ne7 10. Be2 a6 11. 0-0 d5 12. f3 Nf6 13. b4 0-0 14. a4 Rc8 15. Kh1 Nh5 16. Rg1 Bh6 17. Bd3 f5 18. e5 dxc4 19. Bxc4 Nd5 20. Bxd5 cxd5 21. Rgc1 Qh4 22. Ne2 Qh3 23. Rf1 Rc4 24. Kg1 Rfc8 25. Ra2 Qh4 26. Kg2 b6 27. Rb2 Kf7 28. Rf2 Ke8 29. Rf1 Bf8 30. Bf2 Qe7 31. Rc1 Qc7 32. Rxc4 Qxc4 33. Be1 Qxe2+ 34. Qxe2 Nxf4+ 35. Kf2 Nxe2 36. Kxe2 Rc1 37. h3 Bh6 38. h4 Ra1 39. a5 b5 40. Rc2 Rc1 41. Rb2 Be3 42. Kxe3 Rxe1+ 43. Kf4 Rd1 44. h5 Rxd4+ 45. Kg5 Kd7 46. hxg6 hxg6 47. Kxg6 Rh4 48. Kg5 Rh3 49. Kf6 Rh6+ 50. Kg5 Rh8 51. Rd2 Ke7 52. Rc2 Rg8+ 53. Kf4 Kd7 54. Rh2 Rc8 55. Rh7+ Kd8 56. Rh8+ Kc7 57. Rh6 Re8 58. Rh7+ Kb8 59. Ke3 Rc8 60. Re7 Rc6 61. Kd3 Kc8 62. Ke3 Kd8 1/2-1/2

[Event "Imperia op-A 41st"]
[Site "Imperia"]
[Date "1999.08.31"]
[Round "3.23"]
[White "Melich, Jindrich"]
[Black "De Palma, Diego"]
[Result "1/2-1/2"]
[WhiteElo "2160"]
[BlackElo "2125"]
[PlyCount "67"]
[EventDate "1999.08.29"]
[EventType "swiss"]
[EventRounds "9"]
[EventCountry "ITA"]
[SourceTitle "EXT 2024"]
[Source "ChessBase"]
[SourceDate "2023.10.10"]
[SourceVersion "1"]
[SourceVersionDate "2023.10.10"]
[SourceQuality "1"]

1. b4 e5 2. Bb2 d6 3. c4 f5 4. e3 Nf6 5. Nf3 Be7 6. Be2 0-0 7. Nc3 Nbd7 8. d4 h6 9. h4 Ng4 10. Nd5 c6 11. Nxe7+ Qxe7 12. Qb3 c5 13. bxc5 dxc5 14. dxe5 Ngxe5 15. Qc3 Nc6 16. Rd1 Nf6 17. Ne5 Nxe5 18. Qxe5 Qxe5 19. Bxe5 Be6 20. 0-0 Rf7 21. Rd6 Re8 22. Bxf6 Rxf6 23. Rb1 b6 24. g3 Kf8 25. a4 Ke7 26. Rbd1 Rff8 27. a5 Rd8 28. Rxd8 Rxd8 29. Ra1 Rd2 30. axb6 axb6 31. Kf1 Rc2 32. Rb1 Bxc4 33. Bxc4 Rxc4 34. Rxb6 1/2-1/2

[Event "Imperia op-A 41st"]
[Site "Imperia"]
[Date "1999.08.30"]
[Round "2.27"]
[White "De Palma, Diego"]
[Black "Dubois, Martine"]
[Result "1/2-1/2"]
[WhiteElo "2125"]
[BlackElo "2012"]
[PlyCount "28"]
[EventDate "1999.08.29"]
[EventType "swiss"]
[EventRounds "9"]
[EventCountry "ITA"]
[SourceTitle "EXT 2024"]
[Source "ChessBase"]
[SourceDate "2023.10.10"]
[SourceVersion "1"]
[SourceVersionDate "2023.10.10"]
[SourceQuality "1"]

1. d4 d5 2. Nf3 Nc6 3. h3 Bf5 4. c3 e6 5. Bf4 Bd6 6. Bxd6 Qxd6 7. Qa4 Nge7 8. Nbd2 b5 9. Qb3 0-0 10. e3 Rfb8 11. Be2 a5 12. 0-0 a4 13. Qd1 h6 14. Re1 Na5 1/2-1/2

[Event "Corsico op1"]
[Site "Corsico"]
[Date "1998.??.??"]
[Round "1"]
[White "Sbarra, Marco"]
[Black "De Palma, Diego"]
[Result "1-0"]
[WhiteElo "2245"]
[BlackElo "2110"]
[PlyCount "41"]
[EventDate "1998.??.??"]
[EventType "swiss"]
[EventRounds "6"]
[EventCountry "ITA"]
[SourceTitle "EXT 2002"]
[Source "ChessBase"]
[SourceDate "2001.11.25"]
[SourceVersion "1"]
[SourceVersionDate "2001.11.25"]
[SourceQuality "1"]

1. d4 Nf6 2. c4 g6 3. Nc3 Bg7 4. e4 d6 5. Nf3 0-0 6. Be2 e5 7. d5 Nbd7 8. Bg5 a5 9. Nd2 Nc5 10. 0-0 c6 11. b3 Qc7 12. a3 Bd7 13. b4 axb4 14. axb4 Rxa1 15. Qxa1 Na6 16. dxc6 Be6 17. Nd5 Bxd5 18. cxd5 Rb8 19. Rb1 bxc6 20. Qxa6 cxd5 21. Bxf6 1-0

[Event "Imperia op 33rd"]
[Site "Imperia"]
[Date "1991.09.14"]
[Round "8.12"]
[White "Zedek, Alois"]
[Black "De Palma, Diego"]
[Result "1-0"]
[WhiteElo "2340"]
[BlackElo "2080"]
[PlyCount "81"]
[EventDate "1991.09.07"]
[EventType "swiss"]
[EventRounds "9"]
[EventCountry "ITA"]
[SourceTitle "EXT 2024"]
[Source "ChessBase"]
[SourceDate "2023.10.10"]
[SourceVersion "1"]
[SourceVersionDate "2023.10.10"]
[SourceQuality "1"]

1. c4 e5 2. Nc3 Nf6 3. Nf3 Nc6 4. g3 Bb4 5. Bg2 0-0 6. 0-0 e4 7. Ng5 Bxc3 8. dxc3 Re8 9. Qc2 Qe7 10. Nh3 h6 11. Nf4 d6 12. Nd5 Nxd5 13. cxd5 Nd8 14. c4 f5 15. Be3 c6 16. dxc6 Nxc6 17. Rfd1 Be6 18. b3 Rad8 19. g4 Qf6 20. Qc1 g5 21. gxf5 Qxf5 22. h4 Rf8 23. hxg5 hxg5 24. Rf1 Rd7 25. Qc2 d5 26. cxd5 Bxd5 27. Rad1 Re8 28. Rd2 Ree7 29. Rfd1 b5 30. Qc5 Re5 31. Qxb5 g4 32. Rc1 g3 33. fxg3 Rh7 34. Rxc6 Bxc6 35. Qxc6 Qh5 36. Rd8+ Kf7 37. Qc7+ Re7 38. Qf4+ Kg6 39. Rg8+ Rhg7 40. Bxe4+ Rxe4 41. Qxe4+ 1-0

[Event "Imperia op 33rd"]
[Site "Imperia"]
[Date "1991.09.12"]
[Round "6.14"]
[White "Del Dotto, Luigi"]
[Black "De Palma, Diego"]
[Result "1/2-1/2"]
[WhiteElo "1900"]
[BlackElo "2080"]
[PlyCount "31"]
[EventDate "1991.09.07"]
[EventType "swiss"]
[EventRounds "9"]
[EventCountry "ITA"]
[SourceTitle "EXT 2024"]
[Source "ChessBase"]
[SourceDate "2023.10.10"]
[SourceVersion "1"]
[SourceVersionDate "2023.10.10"]
[SourceQuality "1"]

1. e4 c5 2. d4 cxd4 3. c3 d3 4. c4 d6 5. Bxd3 Nc6 6. Ne2 Nf6 7. Nbc3 e6 8. 0-0 Be7 9. h3 0-0 10. Be3 b6 11. Rc1 Ne5 12. b3 Nxd3 13. Qxd3 Bb7 14. Rfd1 h6 15. Qc2 Nd7 16. Bf4 1/2-1/2

[Event "Imperia op 33rd"]
[Site "Imperia"]
[Date "1991.09.10"]
[Round "4.18"]
[White "Frank, Bernard"]
[Black "De Palma, Diego"]
[Result "0-1"]
[WhiteElo "2200"]
[BlackElo "2080"]
[PlyCount "36"]
[EventDate "1991.09.07"]
[EventType "swiss"]
[EventRounds "9"]
[EventCountry "ITA"]
[SourceTitle "EXT 2024"]
[Source "ChessBase"]
[SourceDate "2023.10.10"]
[SourceVersion "1"]
[SourceVersionDate "2023.10.10"]
[SourceQuality "1"]

1. e4 c5 2. Nf3 d6 3. d4 cxd4 4. Nxd4 Nf6 5. Nc3 g6 6. Be3 Bg7 7. Be2 Nc6 8. 0-0 0-0 9. Qd2 d5 10. exd5 Nxd5 11. Nxc6 bxc6 12. Nxd5 cxd5 13. Bf3 e6 14. c4 Rb8 15. cxd5 Rxb2 16. Qd3 exd5 17. Bxa7 Qa5 18. Bd4 Rd2 0-1

[Event "Imperia op 32nd"]
[Site "Imperia"]
[Date "1990.09.08"]
[Round "8.8"]
[White "Serpi, Andrea"]
[Black "De Palma, Diego"]
[Result "1-0"]
[WhiteElo "2135"]
[BlackElo "2011"]
[PlyCount "99"]
[EventDate "1990.09.01"]
[EventType "swiss"]
[EventRounds "9"]
[EventCountry "ITA"]
[SourceTitle "EXT 2024"]
[Source "ChessBase"]
[SourceDate "2023.10.10"]
[SourceVersion "1"]
[SourceVersionDate "2023.10.10"]
[SourceQuality "1"]

1. e4 c5 2. Nf3 d6 3. d4 cxd4 4. Nxd4 Nf6 5. Nc3 g6 6. f4 Nc6 7. Nxc6 bxc6 8. e5 Nd7 9. exd6 exd6 10. Qd4 Nf6 11. f5 Be7 12. fxg6 hxg6 13. Bg5 0-0 14. Be2 Nd5 15. Bxe7 Qxe7 16. Nxd5 cxd5 17. Kf2 Bf5 18. Bf3 Qe5 19. Qxe5 dxe5 20. Bxd5 Rab8 21. b3 Bxc2 22. Rhe1 Rfe8 23. Rac1 Rbc8 24. Re2 Bf5 25. Rxc8 Bxc8 26. Re4 Re7 27. b4 Kg7 28. b5 Rd7 29. Bc6 Rd2+ 30. Re2 Rxe2+ 31. Kxe2 Kf6 32. a4 Ke7 33. h4 Kd6 34. Kf3 a6 35. g4 axb5 36. axb5 Kc5 37. Be8 e4+ 38. Kxe4 Bxg4 39. Ke5 Kb4 40. Kf6 Bh5 41. Bxf7 Kxb5 42. Bxg6 Be2 43. Kg5 Kb4 44. Bh5 Bb5 45. Bg4 Be8 46. Bf5 Kc5 47. Bg6 Kd6 48. Bxe8 Ke7 49. Kg6 Kf8 50. Bf7 1-0

[Event "Imperia op 32nd"]
[Site "Imperia"]
[Date "1990.09.02"]
[Round "2.24"]
[White "Rizzati, Aldo"]
[Black "De Palma, Diego"]
[Result "0-1"]
[WhiteElo "1924"]
[BlackElo "2011"]
[PlyCount "80"]
[EventDate "1990.09.01"]
[EventType "swiss"]
[EventRounds "9"]
[EventCountry "ITA"]
[SourceTitle "EXT 2024"]
[Source "ChessBase"]
[SourceDate "2023.10.10"]
[SourceVersion "1"]
[SourceVersionDate "2023.10.10"]
[SourceQuality "1"]

1. d4 Nf6 2. c4 g6 3. Nc3 Bg7 4. g3 0-0 5. Bg2 d6 6. Nf3 c5 7. 0-0 Nc6 8. dxc5 dxc5 9. Be3 Be6 10. Bxc5 Qa5 11. Be3 Bxc4 12. Nd2 Be6 13. Nb3 Qh5 14. h4 Rad8 15. Qc1 Nd5 16. Bf3 Qe5 17. Bd2 Ndb4 18. Bf4 Qf6 19. Nc5 Nd4 20. Bxb7 Bxa2 21. Bc7 Nd5 22. Bxd8 Nxc3 23. Kg2 Bd5+ 24. Bxd5 Nxd5 25. Ra6 Qe5 26. e3 Rxd8 27. exd4 Qxd4 28. Rd1 Ne3+ 29. Qxe3 Qxd1 30. Qxe7 Qd5+ 31. Kh2 Bf8 32. Qxa7 Bxc5 33. Qc7 Bd4 34. b4 Re8 35. Rd6 Qe5 36. Qc6 Bxf2 37. Rd3 h5 38. b5 Qe2 39. Rf3 Bd4+ 40. Kh3 Bg1 0-1

[Event "Imperia op 32nd"]
[Site "Imperia"]
[Date "1990.09.01"]
[Round "1.3"]
[White "Borgiani, Flavio"]
[Black "De Palma, Diego"]
[Result "1-0"]
[WhiteElo "2062"]
[BlackElo "2011"]
[PlyCount "45"]
[EventDate "1990.09.01"]
[EventType "swiss"]
[EventRounds "9"]
[EventCountry "ITA"]
[SourceTitle "EXT 2024"]
[Source "ChessBase"]
[SourceDate "2023.10.10"]
[SourceVersion "1"]
[SourceVersionDate "2023.10.10"]
[SourceQuality "1"]

1. c4 e5 2. Nc3 Nf6 3. Nf3 Nc6 4. e3 d5 5. cxd5 Nxd5 6. Bb5 Nxc3 7. bxc3 Bd6 8. d4 exd4 9. cxd4 0-0 10. 0-0 Bf5 11. Bb2 Be4 12. Bd3 Qe7 13. Rc1 Rad8 14. Bxe4 Qxe4 15. Qb3 Ne7 16. Rfe1 Nd5 17. Nd2 Qg6 18. a3 c6 19. Nc4 b6 20. e4 Nf4 21. Qf3 Bb8 22. Ne3 Nd3 23. Nf5 1-0

[Event "Imperia op 30th"]
[Site "Imperia"]
[Date "1988.10.08"]
[Round "5.28"]
[White "De Palma, Diego"]
[Black "Ricci, Marco"]
[Result "0-1"]
[WhiteElo "2043"]
[BlackElo "1960"]
[PlyCount "80"]
[EventDate "1988.09.04"]
[EventType "swiss"]
[EventRounds "8"]
[EventCountry "ITA"]
[SourceTitle "EXT 2024"]
[Source "ChessBase"]
[SourceDate "2023.10.10"]
[SourceVersion "1"]
[SourceVersionDate "2023.10.10"]
[SourceQuality "1"]

1. d4 Nf6 2. Nf3 e6 3. g3 d5 4. Bg2 Be7 5. 0-0 0-0 6. c4 c6 7. Nc3 Nbd7 8. Qd3 c5 9. cxd5 exd5 10. Bf4 b6 11. e4 dxe4 12. Nxe4 Bb7 13. Nd6 Bxd6 14. Bxd6 Re8 15. Rfd1 Ne4 16. Bf4 cxd4 17. Qb5 Ndc5 18. Rxd4 Qf6 19. Rad1 Ne6 20. Rd7 Nxf4 21. Rxb7 Nxg2 22. Kxg2 Nd6 23. Rxd6 Qxd6 24. h4 Re7 25. Rxe7 Qxe7 26. Qa4 Re8 27. h5 h6 28. Qb5 Qe4 29. Kg1 Re6 30. Nd2 Qe2 31. Qd5 Qe1+ 32. Kg2 Re7 33. a4 Qe5 34. Qa8+ Kh7 35. Qf3 Rd7 36. Ne4 Re7 37. Nc3 Rd7 38. Kh2 Qe6 39. Qf4 Re7 40. f3 Qe5 0-1

[Event "Imperia op 30th"]
[Site "Imperia"]
[Date "1988.09.09"]
[Round "6.31"]
[White "Giubbolini, Ilio"]
[Black "De Palma, Diego"]
[Result "1-0"]
[WhiteElo "1950"]
[BlackElo "2043"]
[PlyCount "109"]
[EventDate "1988.09.04"]
[EventType "swiss"]
[EventRounds "8"]
[EventCountry "ITA"]
[SourceTitle "EXT 2024"]
[Source "ChessBase"]
[SourceDate "2023.10.10"]
[SourceVersion "1"]
[SourceVersionDate "2023.10.10"]
[SourceQuality "1"]

1. e4 c5 2. Nf3 d6 3. d4 cxd4 4. Nxd4 Nf6 5. Nc3 g6 6. Be3 Bg7 7. f3 Nc6 8. Qd2 0-0 9. Bc4 Bd7 10. 0-0-0 Rc8 11. Bb3 Ne5 12. g4 Nc4 13. Bxc4 Rxc4 14. h4 Qa5 15. Nb3 Qc7 16. e5 Nxg4 17. fxg4 Bxg4 18. exd6 Qxd6 19. Qxd6 exd6 20. Rxd6 Rfc8 21. Rd2 Bxc3 22. bxc3 Rxc3 23. Bd4 R3c4 24. Kb2 Bf5 25. c3 b6 26. Rhd1 R4c6 27. Be5 f6 28. Rd8+ Kf7 29. Rxc8 Rxc8 30. Bd4 h5 31. Re1 g5 32. hxg5 fxg5 33. Nd2 Re8 34. Rxe8 Kxe8 35. Bf6 g4 36. Bh4 Bd3 37. c4 Kd7 38. Kc3 Be2 39. Kd4 Ke6 40. Ne4 Bd1 41. Ng3 Bc2 42. Nxh5 Kf5 43. Bg3 Bb1 44. a3 Ba2 45. Ng7+ Kf6 46. Ne8+ Ke7 47. Nc7 Kd7 48. Nb5 a6 49. Nc3 Bb3 50. Nd5 Kc6 51. Ne3 b5 52. c5 Be6 53. Be1 g3 54. Bxg3 a5 55. Be1 1-0

[Event "Imperia op 30th"]
[Site "Imperia"]
[Date "1988.09.06"]
[Round "3.24"]
[White "De Palma, Diego"]
[Black "Daeberitz, Harald"]
[Result "1/2-1/2"]
[WhiteElo "2043"]
[BlackElo "2200"]
[PlyCount "95"]
[EventDate "1988.09.04"]
[EventType "swiss"]
[EventRounds "8"]
[EventCountry "ITA"]
[SourceTitle "EXT 2024"]
[Source "ChessBase"]
[SourceDate "2023.10.10"]
[SourceVersion "1"]
[SourceVersionDate "2023.10.10"]
[SourceQuality "1"]

1. d4 c6 2. c4 Nf6 3. Nf3 d6 4. Nc3 Nbd7 5. e4 e5 6. Be2 Be7 7. 0-0 0-0 8. Rb1 a5 9. h3 Re8 10. Qc2 Qc7 11. Re1 Nf8 12. d5 Ng6 13. Bf1 Bd7 14. Qd1 Rab8 15. Bg5 h6 16. Bxf6 Bxf6 17. g3 Rf8 18. b4 Be7 19. dxc6 bxc6 20. b5 Rfc8 21. Qd3 Nf8 22. Red1 Ne6 23. Na4 cxb5 24. cxb5 Qc2 25. Qxc2 Rxc2 26. Nxe5 Be8 27. Nc6 Bxc6 28. bxc6 Rxb1 29. Rxb1 Rxc6 30. Rb8+ Kh7 31. Ra8 Bd8 32. Bd3 g6 33. Nb2 Bc7 34. Bc4 Ng5 35. Bd5 Rc2 36. Nc4 Nxh3+ 37. Kf1 Nxf2 38. Ra7 Nxe4 39. Rxc7 Nxg3+ 40. Ke1 h5 41. Rxf7+ Kh6 42. Nxd6 Re2+ 43. Kd1 Re5 44. Bf3 g5 45. Nc4 Rc5 46. Ne3 Kg6 47. Rb7 g4 48. Nxg4 1/2-1/2

[Event "Imperia op 26th"]
[Site "Imperia"]
[Date "1984.09.07"]
[Round "7"]
[White "De Palma, Diego"]
[Black "Mikenda, Werner"]
[Result "1/2-1/2"]
[WhiteElo "2087"]
[BlackElo "2270"]
[PlyCount "82"]
[EventDate "1984.09.01"]
[EventType "swiss"]
[EventRounds "9"]
[EventCountry "ITA"]
[SourceTitle "EXT 2024"]
[Source "ChessBase"]
[SourceDate "2023.10.10"]
[SourceVersion "1"]
[SourceVersionDate "2023.10.10"]
[SourceQuality "1"]

1. e4 c5 2. Nf3 Nc6 3. Bb5 e6 4. Qe2 Nge7 5. 0-0 a6 6. Bxc6 Nxc6 7. d3 Be7 8. Nbd2 b5 9. Nb3 Bb7 10. Be3 d6 11. a4 b4 12. c4 0-0 13. e5 Na5 14. Nfd2 Nxb3 15. Nxb3 Rc8 16. Bf4 Bg5 17. Qg4 Bxf4 18. Qxf4 f6 19. exd6 e5 20. Qe3 Qxd6 21. f3 Rfd8 22. Rfd1 Rc7 23. Rd2 Bc8 24. Re1 Bd7 25. Ra1 Be8 26. Kf2 g5 27. Kg1 Bg6 28. Rad1 Qc6 29. Ra1 Bf5 30. h3 Rdc8 31. Rf2 Qe8 32. Nd2 Rd8 33. Ne4 Qe7 34. b3 Bg6 35. Rd1 Kg7 36. g4 h6 37. Ng3 Rcd7 38. Rfd2 Rc7 39. Re1 Qe8 40. Ne4 Rd4 41. Rde2 Qd8 1/2-1/2

[Event "Imperia op 26th"]
[Site "Imperia"]
[Date "1984.09.06"]
[Round "6"]
[White "Diana, Riccardo"]
[Black "De Palma, Diego"]
[Result "1/2-1/2"]
[WhiteElo "1985"]
[BlackElo "2087"]
[PlyCount "38"]
[EventDate "1984.09.01"]
[EventType "swiss"]
[EventRounds "9"]
[EventCountry "ITA"]
[SourceTitle "EXT 2024"]
[Source "ChessBase"]
[SourceDate "2023.10.10"]
[SourceVersion "1"]
[SourceVersionDate "2023.10.10"]
[SourceQuality "1"]

1. e4 c5 2. c3 d5 3. exd5 Qxd5 4. d4 Nc6 5. Nf3 cxd4 6. cxd4 e5 7. Nc3 Bb4 8. Bd2 Bxc3 9. Bxc3 e4 10. Ne5 Nxe5 11. dxe5 Ne7 12. Qc2 0-0 13. Rd1 Qxa2 14. Qxe4 Bf5 15. Qxb7 Rfd8 16. Be2 Nd5 17. Rxd5 Qxd5 18. Qxd5 Rxd5 19. Bf3 Rxe5+ 1/2-1/2

[Event "Imperia op 26th"]
[Site "Imperia"]
[Date "1984.09.02"]
[Round "2"]
[White "De Palma, Diego"]
[Black "Casa, Alex"]
[Result "0-1"]
[WhiteElo "2087"]
[BlackElo "2210"]
[PlyCount "74"]
[EventDate "1984.09.01"]
[EventType "swiss"]
[EventRounds "9"]
[EventCountry "ITA"]
[SourceTitle "EXT 2024"]
[Source "ChessBase"]
[SourceDate "2023.10.10"]
[SourceVersion "1"]
[SourceVersionDate "2023.10.10"]
[SourceQuality "1"]

1. e4 e5 2. Nf3 Nc6 3. Bb5 Bc5 4. 0-0 Nf6 5. Bxc6 dxc6 6. d3 Qe7 7. Nbd2 0-0 8. a4 a6 9. Nc4 Nd7 10. Bd2 f6 11. Ne3 g6 12. Ng4 Re8 13. Nh6+ Kh8 14. Nh4 Nf8 15. Kh1 Qg7 16. Qf3 Be7 17. Qg3 Ne6 18. Nf3 Nf4 19. Bxf4 exf4 20. Qh4 Bf8 21. Ng4 g5 22. Qh5 Be6 23. e5 Bf7 24. exf6 Bxh5 25. fxg7+ Bxg7 26. h3 h6 27. Rfe1 c5 28. Rxe8+ Rxe8 29. Re1 Rxe1+ 30. Nxe1 Bxg4 31. hxg4 Bxb2 32. g3 fxg3 33. fxg3 b5 34. axb5 a5 35. c4 a4 36. d4 Bxd4 37. Nd3 Be3 0-1

[Event "Imperia op 26th"]
[Site "Imperia"]
[Date "1984.09.01"]
[Round "1"]
[White "Tiviakov, Sergei"]
[Black "De Palma, Diego"]
[Result "0-1"]
[WhiteElo "2200"]
[BlackElo "2087"]
[PlyCount "52"]
[EventDate "1984.09.01"]
[EventType "swiss"]
[EventRounds "9"]
[EventCountry "ITA"]
[SourceTitle "EXT 2024"]
[Source "ChessBase"]
[SourceDate "2023.10.10"]
[SourceVersion "1"]
[SourceVersionDate "2023.10.10"]
[SourceQuality "1"]

1. d4 Nf6 2. c4 g6 3. Nc3 d5 4. Nf3 Bg7 5. Qb3 dxc4 6. Qxc4 0-0 7. e4 a6 8. Bf4 b5 9. Qxc7 Qxc7 10. Bxc7 Nc6 11. Rc1 Bh6 12. Rd1 Bg4 13. h3 Bxf3 14. gxf3 Rac8 15. Bg3 Rfd8 16. d5 Na5 17. Bd3 Nh5 18. Ne2 Nc4 19. Bxc4 Rxc4 20. Nd4 Nf4 21. Nc6 Re8 22. Bxf4 Bxf4 23. 0-0 Rc2 24. Rb1 e6 25. Nb4 Re2 26. Rfe1 Rxe1+ 0-1

[Event "Imperia op 25th"]
[Site "Imperia"]
[Date "1983.09.11"]
[Round "9"]
[White "De Palma, Diego"]
[Black "Aleksic, Nenad"]
[Result "1-0"]
[WhiteElo "2033"]
[BlackElo "2305"]
[PlyCount "81"]
[EventDate "1983.09.03"]
[EventType "swiss"]
[EventRounds "9"]
[EventCountry "ITA"]
[SourceTitle "EXT 2023"]
[Source "ChessBase"]
[SourceDate "2022.10.05"]
[SourceVersion "1"]
[SourceVersionDate "2022.10.05"]
[SourceQuality "1"]

1. e4 c5 2. Nf3 d6 3. d4 cxd4 4. Qxd4 a6 5. c4 Nc6 6. Qd2 g6 7. b3 Bg7 8. Bb2 Nf6 9. Nc3 0-0 10. Be2 Qa5 11. Rd1 Bg4 12. 0-0 Rfc8 13. Qe3 Nd7 14. Rd2 Rab8 15. Nd5 Bxb2 16. Rxb2 Qc5 17. Qg5 Bxf3 18. Bxf3 e6 19. Ne7+ Nxe7 20. Qxe7 Ne5 21. Rd2 Nxf3+ 22. gxf3 Qh5 23. Qf6 Rc6 24. Rfd1 d5 25. exd5 exd5 26. Qf4 Re8 27. Rxd5 Qh3 28. Rd7 Re1+ 29. Rxe1 Qxd7 30. Qb8+ Kg7 31. Qe5+ Rf6 32. Kg2 g5 33. Qd5 Qxd5 34. cxd5 Rd6 35. Re7 Rxd5 36. Rxb7 h5 37. a4 g4 38. fxg4 hxg4 39. h3 gxh3+ 40. Kxh3 Kg6 41. Rb6+ 1-0

[Event "Imperia op 25th"]
[Site "Imperia"]
[Date "1983.09.10"]
[Round "8"]
[White "De Palma, Diego"]
[Black "Amovilli, Mauro"]
[Result "1/2-1/2"]
[WhiteElo "2033"]
[BlackElo "1991"]
[PlyCount "48"]
[EventDate "1983.09.03"]
[EventType "swiss"]
[EventRounds "9"]
[EventCountry "ITA"]
[SourceTitle "EXT 2023"]
[Source "ChessBase"]
[SourceDate "2022.10.05"]
[SourceVersion "1"]
[SourceVersionDate "2022.10.05"]
[SourceQuality "1"]

1. e4 c5 2. Nf3 d6 3. d4 Nf6 4. Nc3 cxd4 5. Nxd4 a6 6. Be2 e5 7. Nb3 Be7 8. 0-0 0-0 9. Be3 Qc7 10. a4 Nc6 11. a5 Nb4 12. Ra4 d5 13. exd5 Bf5 14. Qd2 Qd7 15. Nc5 Bxc5 16. Bxc5 Nbxd5 17. Bxf8 Nxc3 18. Qxc3 Qxa4 19. Qxe5 Qxc2 20. Bd1 Qd3 21. Bb4 Re8 22. Qc3 Qb5 23. Bf3 Nd5 24. Bxd5 Qxd5 1/2-1/2

[Event "Imperia op-A 23rd"]
[Site "Imperia"]
[Date "1981.09.10"]
[Round "5.89"]
[White "De Palma, Diego"]
[Black "Zehfuss, Helmut"]
[Result "1/2-1/2"]
[WhiteElo "1900"]
[BlackElo "2125"]
[PlyCount "91"]
[EventDate "1981.09.06"]
[EventType "swiss"]
[EventRounds "8"]
[EventCountry "ITA"]
[SourceTitle "EXT 2024"]
[Source "ChessBase"]
[SourceDate "2023.10.10"]
[SourceVersion "1"]
[SourceVersionDate "2023.10.10"]
[SourceQuality "1"]

1. e4 c5 2. Nf3 Nc6 3. Bb5 g6 4. 0-0 Bg7 5. Re1 Nf6 6. Nc3 0-0 7. e5 Ne8 8. Bxc6 bxc6 9. b3 d6 10. h3 Qc7 11. Qe2 a5 12. Bb2 Qb8 13. a4 Nc7 14. Ne4 Nd5 15. Ng3 Ba6 16. d3 Nb4 17. Qd2 d5 18. Rab1 e6 19. Qe2 Bh6 20. Bc1 Bxc1 21. Rbxc1 Qd8 22. Qe3 Kg7 23. Nf1 Qe7 24. N1h2 h5 25. Ng5 c4 26. dxc4 dxc4 27. bxc4 Bxc4 28. Ne4 Nd5 29. Qd4 Ba6 30. c4 Nb4 31. Nf6 Qa7 32. Qh4 Rh8 33. Re3 Qe7 34. Nxh5+ Kf8 35. Qxe7+ Kxe7 36. Nf6 Rhd8 37. Nf3 Rd3 38. Re4 Rad8 39. Rh4 Rd1+ 40. Rxd1 Rxd1+ 41. Kh2 Nd3 42. Rh8 Nxe5 43. Nxe5 Kxf6 44. Nxc6 Bxc4 45. Nxa5 Bd5 46. Rh4 1/2-1/2